Tokyo revenger characters - Statistics

General Stats
  • This quiz has been taken 673 times
  • The average score is 12 of 20
Answer Stats
Hint Answer % Correct
2. Draken
99%
1. Mikey
98%
4. Baji
90%
3. Takemichi
90%
15. Hina
83%
5. chifuyu
81%
8. mitsuya
78%
9. Kisaki
75%
10. Hanma
73%
11. Emma
66%
17. Naoto
58%
7. smiley
57%
6. angry
55%
16. Akkun
37%
12. Shinichiro
29%
13. Koko
28%
14. Inui
25%
19. Yamagishi
15%
18. Yamamoto
10%
20. Suzuki
6%
No matching quizzes found
Score Distribution
Percent of People with Each Score
Percentile by Number Answered
Your Score History
You have not taken this quiz